000
00324nam a22001337a 4500
020
_a
0-9606492-0-4
082
_a
796.323 HAN'P
100
_a
HANKINSION, MEL
_9
62295
245
_a
PROGRESSIONS FOR TEACHING BASKETBALL
250
_a
3RD
260
_a
CALIFORNIA
_b
EDUCATIONAL PRODUCTS
_c
1990
300
_a
305P
942
_c
BK
999
_c
571446
_d
571446